[Event "BPB Limburg open B"]
[Site "Maastricht"]
[Date "2015.05.22"]
[Round "1"]
[White "Behr, Rene"]
[Black "Veldhuysen, Klaas"]
[Result "0-1"]
[WhiteElo "1881"]
[BlackElo "1959"]
[PlyCount "90"]
[EventDate "2015.05.22"]
[EventType "swiss"]
[EventRounds "7"]
[EventCountry "NED"]
[Source "P.Boonen"]
[SourceDate "2015.10.01"]

1. c4 Nf6 2. g3 e5 3. Bg2 Nc6 4. Nc3 Bb4 5. e3 O-O 6. Nge2 Re8 7. O-O a5 8. d4
d6 9. Nd5 a4 10. a3 Ba5 11. Qxa4 Bg4 12. f3 Bh5 13. Qd1 Nxd5 14. cxd5 Ne7 15.
g4 Bg6 16. e4 exd4 17. Nxd4 Bb6 18. Kh1 Qd7 19. Re1 f6 20. Be3 Bf7 21. Bf1 Bxd4
22. Qxd4 Ra4 23. Qd2 c6 24. b3 Raa8 25. dxc6 bxc6 26. b4 d5 27. Red1 Qb7 28.
Bc5 Ng6 29. Qc2 Ne5 30. Bd3 Nxf3 31. exd5 Bxd5 32. Bc4 Ne5+ 33. Bxd5+ cxd5 34.
Qb3 Rad8 35. h3 Nf7 36. Bd4 Re2 37. Ra2 Rde8 38. Rxe2 Rxe2 39. Qd3 Qe7 40. Bc3
Qe4+ 41. Qxe4 dxe4 42. Re1 Rf2 43. Rxe4 Ng5 44. Re3 Nf3 45. Rxf3 Rxf3 0-1

[Event "BPB Limburg open B"]
[Site "Maastricht"]
[Date "2015.05.22"]
[Round "1"]
[White "Beukema, Jasper"]
[Black "Kuehn, Patrick1"]
[Result "1-0"]
[WhiteElo "1933"]
[BlackElo "2039"]
[PlyCount "91"]
[EventDate "2015.05.22"]
[EventType "swiss"]
[EventRounds "7"]
[EventCountry "NED"]
[Source "P.Boonen"]
[SourceDate "2015.10.01"]

1. e4 c5 2. Nc3 d6 3. Bb5+ Bd7 4. Bxd7+ Qxd7 5. d3 Nc6 6. f4 g6 7. Nf3 Bg7 8.
O-O e6 9. Qe1 Nge7 10. Kh1 O-O 11. Qh4 f5 12. Ng5 h6 13. Nf3 Nd4 14. Nxd4 cxd4
15. Ne2 Rac8 16. c3 dxc3 17. Nxc3 Kh7 18. Be3 Bxc3 19. bxc3 Rxc3 20. Bxa7 Rxd3
21. e5 Nc6 22. Bb6 dxe5 23. fxe5 Nxe5 24. Rae1 Qd5 25. Be3 Nf7 26. Qe7 Qd6 27.
Qxb7 g5 28. a4 Kg6 29. a5 Nd8 30. Qb1 Nc6 31. Bc5 Qxc5 32. Qxd3 Qd5 33. Qxd5
exd5 34. a6 Rf6 35. Ra1 Na7 36. Rfb1 d4 37. Rb7 Nc6 38. a7 Nxa7 39. Rbxa7 f4
40. Rd7 g4 41. Rxd4 f3 42. Rxg4+ Kh5 43. Rg3 fxg2+ 44. Kxg2 Rf4 45. Ra5+ Kh4
46. Rh3+ 1-0

[Event "BPB Limburg open B"]
[Site "Maastricht"]
[Date "2015.05.22"]
[Round "1"]
[White "Bondarchuk, Vadim"]
[Black "Holwijn, Melvin"]
[Result "1/2-1/2"]
[WhiteElo "2034"]
[BlackElo "1927"]
[PlyCount "159"]
[EventDate "2015.05.22"]
[EventType "swiss"]
[EventRounds "7"]
[EventCountry "NED"]
[Source "P.Boonen"]
[SourceDate "2015.10.01"]

1. e4 e5 2. Nf3 Nf6 3. Nc3 Bb4 4. d3 Nc6 5. Bg5 O-O 6. Be2 Re8 7. O-O Be7 8.
Qd2 d6 9. h3 Be6 10. Rad1 d5 11. exd5 Nxd5 12. Nxd5 Bxd5 13. Bxe7 Qxe7 14. Rfe1
Qf6 15. Nh2 Qg6 16. Bf3 Be6 17. Bxc6 bxc6 18. Rxe5 f6 19. Re3 Qg5 20. Rde1 Kf7
21. Nf3 Qd5 22. b3 Bd7 23. Qb4 c5 24. Qf4 Qd6 25. Qc4+ Be6 26. Qh4 h6 27. Qh5+
Kf8 28. Qg6 Bf7 29. Qh7 Rxe3 30. Rxe3 Bg8 31. Qe4 Bd5 32. Qh7 Bxf3 33. Rxf3 Re8
34. Rg3 Re1+ 35. Kh2 Qf4 36. Qxg7+ Ke8 37. Qg4 Qxf2 38. Qc8+ Kf7 39. Qd7+ Re7
40. Qd5+ Re6 41. Rf3 Qd4 42. Qxd4 cxd4 43. Kg3 Kg6 44. Kf2 Rc6 45. Ke1 Rxc2 46.
Rf2 Rc1+ 47. Ke2 f5 48. Kf3 Re1 49. Re2 Rd1 50. Rc2 Rxd3+ 51. Kf4 Rc3 52. Rd2
c5 53. g4 fxg4 54. hxg4 Rc1 55. Re2 Rf1+ 56. Kg3 Ra1 57. Kf4 Kf7 58. Rc2 Rf1+
59. Ke4 Re1+ 60. Kf4 d3 61. Rd2 Re2 62. Rxd3 Rxa2 63. Rd5 Ra5 64. Kf5 Ke8 65.
b4 Ra1 66. bxc5 Rc1 67. Ke6 Rc4 68. g5 hxg5 69. Rxg5 Re4+ 70. Kd6 Rd4+ 71. Kc6
a5 72. Rg8+ Ke7 73. Ra8 a4 74. Ra5 Rb4 75. Kc7 Rc4 76. c6 Ke6 77. Ra6 Ke7 78.
Kb7 Kd6 79. c7+ Kd7 80. Rxa4 1/2-1/2

[Event "BPB Limburg open B"]
[Site "Maastricht"]
[Date "2015.05.22"]
[Round "1"]
[White "Boschmans, Jos"]
[Black "Beranek, Tomas"]
[Result "1/2-1/2"]
[WhiteElo "1853"]
[BlackElo "1803"]
[PlyCount "67"]
[EventDate "2015.05.22"]
[EventType "swiss"]
[EventRounds "7"]
[EventCountry "NED"]
[Source "P.Boonen"]
[SourceDate "2015.10.01"]

1. d4 d5 2. c4 c6 3. Qc2 Nf6 4. Nf3 e6 5. Bf4 Bd6 6. Bxd6 Qxd6 7. e3 O-O 8.
Nbd2 Nbd7 9. Bd3 h6 10. O-O e5 11. dxe5 Nxe5 12. Nxe5 Qxe5 13. Nf3 Qc7 14. Rfd1
dxc4 15. Bxc4 Bg4 16. Be2 Rad8 17. h3 Be6 18. Nd4 Rfe8 19. Nxe6 Rxe6 20. Bc4
Red6 21. Rxd6 Rxd6 22. Rd1 Rxd1+ 23. Qxd1 c5 24. Qb3 b6 25. Qd3 Nd7 26. Qd5 Nf6
27. Qa8+ Kh7 28. Bd3+ g6 29. Qf3 Kg7 30. Kf1 Qe5 31. Qe2 Qh2 32. Qf3 Qe5 33.
Qe2 Qh2 34. Qf3 1/2-1/2

[Event "BPB Limburg open B"]
[Site "Maastricht"]
[Date "2015.05.22"]
[Round "1"]
[White "Brasse, Bram"]
[Black "Cromsight, Jeroen"]
[Result "1/2-1/2"]
[WhiteElo "1901"]
[BlackElo "1981"]
[PlyCount "79"]
[EventDate "2015.05.22"]
[EventType "swiss"]
[EventRounds "7"]
[EventCountry "NED"]
[Source "P.Boonen"]
[SourceDate "2015.10.01"]

1. e4 e5 2. Nf3 Nc6 3. Bb5 a6 4. Bxc6 dxc6 5. d4 exd4 6. Qxd4 Qxd4 7. Nxd4 c5
8. Nf3 Nf6 9. Nc3 c6 10. Bf4 Bg4 11. O-O-O Be7 12. Bd6 Rd8 13. Bxe7 Kxe7 14.
Rxd8 Rxd8 15. Rd1 Rxd1+ 16. Kxd1 Ke6 17. Ke2 b5 18. Ke3 Bxf3 19. gxf3 Ne8 20.
Nb1 Nd6 21. Nd2 a5 22. b3 g5 23. f4 h6 24. fxg5 hxg5 25. f4 g4 26. c4 f5 27. e5
Nf7 28. Kf2 Nd8 29. a4 b4 30. Nf1 Kf7 31. Ng3 Kg6 32. Ne2 Ne6 33. Kg3 Kf7 34.
h3 gxh3 35. Kxh3 Nd4 36. Nxd4 cxd4 37. Kg3 c5 38. Kf3 Ke6 39. Ke2 Ke7 40. Kd3
1/2-1/2

[Event "BPB Limburg open B"]
[Site "Maastricht"]
[Date "2015.05.22"]
[Round "1"]
[White "Clermonts, Jeroen"]
[Black "Loose, Rob"]
[Result "1/2-1/2"]
[WhiteElo "1993"]
[BlackElo "1908"]
[PlyCount "81"]
[EventDate "2015.05.22"]
[EventType "swiss"]
[EventRounds "7"]
[EventCountry "NED"]
[Source "P.Boonen"]
[SourceDate "2015.10.01"]

1. d4 Nf6 2. Bf4 e6 3. e3 c5 4. c3 Nc6 5. Nf3 b6 6. Bd3 Be7 7. h3 Bb7 8. Nbd2
cxd4 9. exd4 d5 10. O-O O-O 11. Ne5 g6 12. Ndf3 Nxe5 13. Nxe5 Kg7 14. Qd2 Ng8
15. Rae1 f6 16. Nf3 Bc8 17. Bb5 Bd6 18. Re2 a6 19. Ba4 Ra7 20. Rfe1 Qc7 21.
Bxd6 Qxd6 22. Bc2 Ne7 23. h4 b5 24. h5 gxh5 25. Nh4 Ng8 26. Re3 Kh8 27. Rg3 Rg7
28. Rxg7 Kxg7 29. Re3 Kh8 30. Rg3 Qc7 31. Qe2 Qf7 32. Ng6+ hxg6 33. Bxg6 Qg7
34. Qxh5+ Qh6 35. Qe2 e5 36. dxe5 Qc1+ 37. Kh2 Qh6+ 38. Bh5 Bf5 39. e6 Qf4 40.
Kg1 Ne7 41. Bf7 1/2-1/2

[Event "BPB Limburg open B"]
[Site "Maastricht"]
[Date "2015.05.22"]
[Round "1"]
[White "Coenen, Bert"]
[Black "Stuch, Hans Ferdinand"]
[Result "1-0"]
[WhiteElo "1846"]
[BlackElo "1767"]
[PlyCount "107"]
[EventDate "2015.05.22"]
[EventType "swiss"]
[EventRounds "7"]
[EventCountry "NED"]
[Source "P.Boonen"]
[SourceDate "2015.10.01"]

1. e4 e5 2. Nf3 Nf6 3. d3 Nc6 4. c3 Be7 5. Be2 O-O 6. O-O d5 7. Nbd2 h6 8. h3
Be6 9. Re1 Qd7 10. Qc2 Rad8 11. Bf1 Rfe8 12. Nb3 Bf8 13. Be3 d4 14. Bd2 Nh5 15.
a3 Be7 16. cxd4 exd4 17. Nc5 Qc8 18. Nxe6 Qxe6 19. Be2 Nf6 20. Rac1 Nd7 21. Qc4
Qxc4 22. Rxc4 Bd6 23. Rcc1 g5 24. g3 Nde5 25. Nxe5 Bxe5 26. f4 gxf4 27. gxf4
Bg7 28. Bf3 Re6 29. Kh2 f6 30. Rg1 Kh7 31. h4 Rde8 32. Bg4 Rd6 33. h5 Re7 34.
Bf5+ Kh8 35. Rg6 a5 36. Bc8 b6 37. Ba6 Nd8 38. Bc4 Ne6 39. Bxe6 Rdxe6 40. f5
Re5 41. Bxh6 Bxh6 42. Rxh6+ Kg7 43. Rg6+ Kh7 44. Rxf6 Rb5 45. Rc2 c5 46. Kg3
Rb3 47. Kf4 Rxd3 48. Re2 Rb3 49. Rd6 d3 50. Rd2 c4 51. f6 Rc7 52. e5 b5 53. e6
Rc8 54. e7 1-0

[Event "BPB Limburg open B"]
[Site "Maastricht"]
[Date "2015.05.22"]
[Round "1"]
[White "Cote, Frederic"]
[Black "Willen, Ronny"]
[Result "1/2-1/2"]
[WhiteElo "1950"]
[BlackElo "1873"]
[PlyCount "54"]
[EventDate "2015.05.22"]
[EventType "swiss"]
[EventRounds "7"]
[EventCountry "NED"]
[Source "P.Boonen"]
[SourceDate "2015.10.01"]

1. d4 Nf6 2. Nf3 g6 3. Nc3 d5 4. Bf4 c6 5. e3 Bg7 6. Be2 O-O 7. h4 Bg4 8. Ne5
Bxe2 9. Qxe2 Nh5 10. Bh2 f5 11. O-O-O Nd7 12. Nd3 Ndf6 13. f3 Qc8 14. Rdg1 Nd7
15. g4 fxg4 16. fxg4 Nhf6 17. Bf4 b5 18. h5 a5 19. hxg6 hxg6 20. Ne5 Nxe5 21.
dxe5 Ne4 22. Nxe4 dxe4 23. Qh2 Kf7 24. Rf1 Rh8 25. Bg5+ Kg8 26. Qf4 Qe6 27.
Rxh8+ Bxh8 1/2-1/2

[Event "BPB Limburg open B"]
[Site "Maastricht"]
[Date "2015.05.22"]
[Round "1"]
[White "Da Ces, Philippe"]
[Black "Oostvogels, Niek"]
[Result "0-1"]
[WhiteElo "1976"]
[BlackElo "1888"]
[PlyCount "90"]
[EventDate "2015.05.22"]
[EventType "swiss"]
[EventRounds "7"]
[EventCountry "NED"]
[Source "P.Boonen"]
[SourceDate "2015.10.01"]

1. d4 Nf6 2. Nf3 c5 3. d5 e6 4. c4 exd5 5. cxd5 d6 6. Nc3 g6 7. Bf4 a6 8. Nd2
b5 9. a4 b4 10. Nce4 Nxd5 11. Bxd6 Bxd6 12. Nxd6+ Qxd6 13. Ne4 Qe5 14. Qxd5
Qxd5 15. Nf6+ Kf8 16. Nxd5 Nd7 17. e3 Bb7 18. Rd1 Bxd5 19. Rxd5 Ke7 20. b3 Rhc8
21. Be2 Nb6 22. Rd1 c4 23. a5 Nd7 24. Bxc4 Rc5 25. O-O Rxa5 26. Bxf7 Nb6 27.
Bc4 Nxc4 28. bxc4 Rc5 29. Ra1 Rxc4 30. Rfb1 a5 31. Kf1 a4 32. Ke2 a3 33. Kd3
Rc3+ 34. Kd2 Rd8+ 35. Ke1 Rc4 36. Rb3 Rd5 37. Rbb1 Kd6 38. Ra2 Kc5 39. Ke2 Rc3
40. Ke1 Kc4 41. Ke2 Rdd3 42. Ke1 Rb3 43. Rc1+ Rdc3 44. Rd1 Rb2 45. Raa1 Rcc2
0-1

[Event "BPB Limburg open B"]
[Site "Maastricht"]
[Date "2015.05.22"]
[Round "1"]
[White "Daamen, Roland"]
[Black "Bojanowski, Roman"]
[Result "1-0"]
[WhiteElo "2028"]
[BlackElo "1919"]
[PlyCount "65"]
[EventDate "2015.05.22"]
[EventType "swiss"]
[EventRounds "7"]
[EventCountry "NED"]
[Source "P.Boonen"]
[SourceDate "2015.10.01"]

1. e4 c5 2. Nf3 d6 3. d4 cxd4 4. Nxd4 Nf6 5. Nc3 a6 6. Be3 b5 7. f3 Bb7 8. Qd2
e6 9. O-O-O Be7 10. g4 Nbd7 11. g5 Nh5 12. Rg1 Qa5 13. Kb1 Rc8 14. Bd3 Ne5 15.
f4 Nc4 16. Bxc4 Rxc4 17. Qd3 O-O 18. f5 e5 19. Nb3 Qc7 20. f6 Bd8 21. Rg2 Re8
22. Nd2 Rc6 23. Nd5 Qc8 24. fxg7 Qh3 25. Qe2 Rc8 26. Rf1 Bxd5 27. exd5 Nxg7 28.
Ne4 Nf5 29. Rf3 Qh4 30. Nf6+ Kf8 31. Rxf5 Re7 32. Rg4 Qh3 33. Rf3 1-0

[Event "BPB Limburg open B"]
[Site "Maastricht"]
[Date "2015.05.22"]
[Round "1"]
[White "Dardha, Daniel"]
[Black "Schubert, Karl"]
[Result "1/2-1/2"]
[WhiteElo "1874"]
[BlackElo "1952"]
[PlyCount "86"]
[EventDate "2015.05.22"]
[EventType "swiss"]
[EventRounds "7"]
[EventCountry "NED"]
[Source "P.Boonen"]
[SourceDate "2015.10.01"]

1. e4 d6 2. Nf3 Nf6 3. Nc3 g6 4. d4 Bg7 5. Bc4 c6 6. O-O b5 7. Bd3 b4 8. Ne2 a5
9. e5 dxe5 10. dxe5 Nd5 11. Nf4 O-O 12. Qe2 Qc7 13. Nxd5 cxd5 14. Bf4 Na6 15.
Qe3 Qc5 16. Qd2 Bg4 17. Bh6 Bxf3 18. gxf3 Nc7 19. Bxg7 Kxg7 20. Qe3 d4 21. Qg5
Ne6 22. Qg3 f6 23. Bf5 Ra6 24. Rae1 Kh8 25. Bxe6 Rxe6 26. exf6 Rexf6 27. Qe5
Qxc2 28. Qxd4 Qf5 29. Rxe7 Qxf3 30. Qh4 h5 31. Qg5 Qf4 32. Qxf4 Rxf4 33. Rd1
Kg8 34. Rdd7 R8f7 35. Rxf7 Rxf7 36. Rxf7 Kxf7 37. b3 Ke6 38. Kf1 Ke5 39. Ke2
Kd4 40. Kd2 g5 41. h3 g4 42. hxg4 hxg4 43. Kc2 Ke4 1/2-1/2

[Event "BPB Limburg open B"]
[Site "Maastricht"]
[Date "2015.05.22"]
[Round "1"]
[White "De Boer, Bas"]
[Black "Arns, Danny"]
[Result "1/2-1/2"]
[WhiteElo "1763"]
[BlackElo "1841"]
[PlyCount "32"]
[EventDate "2015.05.22"]
[EventType "swiss"]
[EventRounds "7"]
[EventCountry "NED"]
[Source "P.Boonen"]
[SourceDate "2015.10.01"]

1. d4 Nf6 2. c4 g6 3. Nc3 d5 4. cxd5 Nxd5 5. Bd2 Bg7 6. e4 Nb6 7. Be3 O-O 8. h3
c6 9. Nf3 f5 10. e5 Be6 11. Ng5 Qd7 12. f4 h6 13. Nf3 Nd5 14. Qd2 Nxe3 15. Qxe3
Bd5 16. Nd2 Kh7 1/2-1/2

[Event "BPB Limburg open B"]
[Site "Maastricht"]
[Date "2015.05.22"]
[Round "1"]
[White "De Coninck, Erik"]
[Black "Hilwerda, Jonas"]
[Result "0-1"]
[WhiteElo "1827"]
[BlackElo "1716"]
[PlyCount "94"]
[EventDate "2015.05.22"]
[EventType "swiss"]
[EventRounds "7"]
[EventCountry "NED"]
[Source "P.Boonen"]
[SourceDate "2015.10.01"]

1. Nf3 g6 2. g3 Bg7 3. Bg2 d6 4. O-O e5 5. d3 Ne7 6. c4 f5 7. Nc3 O-O 8. Rb1 a5
9. Qc2 c6 10. a3 d5 11. cxd5 cxd5 12. Bg5 Nbc6 13. Qb3 Kh8 14. Nd2 Nd4 15. Qd1
Bf6 16. Bxf6+ Rxf6 17. Nb3 Nxb3 18. Qxb3 Rb6 19. Qc2 Be6 20. Rfc1 Rc8 21. Qd2
Rbc6 22. Qg5 Kg7 23. h4 Rc5 24. Na4 R5c7 25. h5 d4 26. hxg6 h6 27. Qd2 b5 28.
Nc3 dxc3 29. bxc3 Rc5 30. Qb2 Qc7 31. c4 bxc4 32. dxc4 Bxc4 33. Qd2 Bd5 34.
Rxc5 Qxc5 35. Bxd5 Qxd5 36. Qxd5 Nxd5 37. Rb5 Rd8 38. Rxa5 Kxg6 39. Ra6+ Kg5
40. Re6 e4 41. Ra6 Nc3 42. f4+ Kh5 43. a4 Nxe2+ 44. Kf2 Nc3 45. a5 Rd2+ 46. Ke1
e3 47. Ra8 Rd1# 0-1

[Event "BPB Limburg open B"]
[Site "Maastricht"]
[Date "2015.05.22"]
[Round "1"]
[White "De Feijter, Bas"]
[Black "De Boer, Eelke"]
[Result "1-0"]
[WhiteElo "2007"]
[BlackElo "1912"]
[PlyCount "75"]
[EventDate "2015.05.22"]
[EventType "swiss"]
[EventRounds "7"]
[EventCountry "NED"]
[Source "P.Boonen"]
[SourceDate "2015.10.01"]

1. d4 f5 2. Nf3 Nf6 3. g3 g6 4. Bg2 Bg7 5. O-O O-O 6. b3 d6 7. Bb2 c6 8. c4 Qc7
9. Nbd2 Nbd7 10. Qc2 e5 11. dxe5 dxe5 12. e4 f4 13. c5 b5 14. b4 h6 15. Nh4 Kh7
16. gxf4 Nh5 17. f5 g5 18. Ng6 Rg8 19. a4 Nf4 20. Nxf4 gxf4 21. a5 Bf6 22. Kh1
Nb8 23. Rg1 Na6 24. Qb3 Rg7 25. Bh3 Bb7 26. Rxg7+ Qxg7 27. Rg1 Qe7 28. Nf3 Rf8
29. Rg6 Bc8 30. Bc3 Be6 31. fxe6 Kxg6 32. Nxe5+ Bxe5 33. Bxe5 Qh4 34. Qf3 Nxb4
35. Qg2+ Kh5 36. Bf5 Qg5 37. Qf3+ Kh4 38. Qh3# 1-0

[Event "BPB Limburg open B"]
[Site "Maastricht"]
[Date "2015.05.22"]
[Round "1"]
[White "Eveleens, Ed"]
[Black "Bulthuis, Jelle"]
[Result "0-1"]
[WhiteElo "1777"]
[BlackElo "1852"]
[PlyCount "118"]
[EventDate "2015.05.22"]
[EventType "swiss"]
[EventRounds "7"]
[EventCountry "NED"]
[Source "P.Boonen"]
[SourceDate "2015.10.01"]

1. e4 e5 2. Nf3 Nc6 3. d4 exd4 4. Bc4 Nf6 5. O-O Nxe4 6. Bd5 Nf6 7. c4 Be7 8.
Nxd4 Nxd4 9. Qxd4 O-O 10. Nc3 d6 11. Bf3 Nd7 12. Nd5 Bf6 13. Nxf6+ Qxf6 14.
Qxf6 Nxf6 15. Bg5 Nd7 16. b3 h6 17. Be3 Ne5 18. Be2 Bf5 19. Rad1 Rad8 20. h3
Rfe8 21. Rfe1 Bd7 22. Bc1 Bc6 23. Bb2 Nd7 24. Bg4 Nc5 25. Bf5 a5 26. f3 Kf8 27.
Kf2 Rxe1 28. Rxe1 g6 29. Bc2 Re8 30. Rxe8+ Kxe8 31. Ke3 Ke7 32. Bg7 h5 33. Bc3
b6 34. Be1 Ke6 35. h4 Be8 36. Bc3 Nd7 37. Be4 Nf6 38. Bc2 c5 39. Bxf6 Kxf6 40.
Be4 Ke5 41. f4+ Kf6 42. g3 Bd7 43. Bf3 a4 44. bxa4 Bxa4 45. Be4 b5 46. cxb5
Bxb5 47. Bd5 Bd7 48. a3 Ke7 49. Kd3 Be6 50. Bf3 Kd7 51. Kc3 Kc7 52. Kb2 Kb6 53.
Be2 Ka5 54. Kc3 d5 55. Bd1 d4+ 56. Kd3 Kb5 57. Ke4 Bg4 58. Bb3 c4 59. Ba2 d3
0-1

[Event "BPB Limburg open B"]
[Site "Maastricht"]
[Date "2015.05.22"]
[Round "1"]
[White "Fortenbacher, Florian"]
[Black "Kaufung, Christian"]
[Result "0-1"]
[WhiteElo "1678"]
[BlackElo "1822"]
[PlyCount "52"]
[EventDate "2015.05.22"]
[EventType "swiss"]
[EventRounds "7"]
[EventCountry "NED"]
[Source "P.Boonen"]
[SourceDate "2015.10.01"]

1. e4 e5 2. Nf3 Nf6 3. Nxe5 d6 4. Nf3 Nxe4 5. Nc3 Nf6 6. d4 d5 7. Bd3 Be7 8.
O-O O-O 9. Re1 Bg4 10. h3 Bh5 11. Bg5 c6 12. Qe2 Bd6 13. Qd2 Bxf3 14. gxf3 Nbd7
15. Kh1 Qc7 16. Bh6 gxh6 17. Qxh6 Kh8 18. Rg1 Rg8 19. Rxg8+ Rxg8 20. Re1 Bf4
21. Qh4 Bg5 22. Qg3 Qxg3 23. fxg3 Bd2 24. Re7 Bxc3 25. bxc3 Kg7 26. g4 Re8 0-1

[Event "BPB Limburg open B"]
[Site "Maastricht"]
[Date "2015.05.22"]
[Round "1"]
[White "Frijling, Jeroen"]
[Black "Mossin, Ivar Alexander"]
[Result "0-1"]
[WhiteElo "1836"]
[BlackElo "1757"]
[PlyCount "64"]
[EventDate "2015.05.22"]
[EventType "swiss"]
[EventRounds "7"]
[EventCountry "NED"]
[Source "P.Boonen"]
[SourceDate "2015.10.01"]

1. d4 Nf6 2. c4 c5 3. d5 e6 4. Nc3 exd5 5. cxd5 d6 6. Nf3 g6 7. g3 Bg7 8. Bg2
O-O 9. O-O a6 10. a4 Re8 11. Bf4 Qc7 12. Re1 Nbd7 13. h3 Rb8 14. a5 b5 15. axb6
Rxb6 16. Nd2 Nh5 17. Nc4 Nxf4 18. gxf4 Rb4 19. Qd3 Nb6 20. Nxb6 Qxb6 21. e3 Qb8
22. Ra4 Bxc3 23. Qxc3 Rxa4 24. h4 Qb4 25. Qc1 Ra2 26. Re2 Bd7 27. h5 Bg4 28.
Rc2 Bxh5 29. f5 Qa4 30. Qd2 Ra1+ 31. Kh2 Qh4+ 32. Bh3 Bg4 0-1

[Event "BPB Limburg open B"]
[Site "Maastricht"]
[Date "2015.05.22"]
[Round "1"]
[White "Goes, Dirk"]
[Black "Larkin, Vladislav"]
[Result "1-0"]
[WhiteElo "1936"]
[BlackElo "1863"]
[PlyCount "91"]
[EventDate "2015.05.22"]
[EventType "swiss"]
[EventRounds "7"]
[EventCountry "NED"]
[Source "P.Boonen"]
[SourceDate "2015.10.01"]

1. d4 Nf6 2. Bg5 Ne4 3. Bh4 g5 4. f3 gxh4 5. fxe4 c5 6. e3 Nc6 7. c3 d6 8. Nd2
Bh6 9. Nc4 b5 10. Qh5 Bg7 11. Nd2 b4 12. Bc4 e6 13. Ne2 Qe7 14. O-O h6 15. Rf4
Rf8 16. Raf1 Qg5 17. Qxh4 Qxh4 18. Rxh4 Bd7 19. Ng3 Ke7 20. Nh5 Bh8 21. Rhf4
Rab8 22. Bb3 bxc3 23. bxc3 Na5 24. Nf6 Bxf6 25. Rxf6 h5 26. Rh6 Rh8 27. Rxh8
Rxh8 28. Rf4 Rc8 29. d5 e5 30. Rf1 f6 31. Rb1 Rb8 32. Bd1 Rxb1 33. Nxb1 Be8 34.
Nd2 Kf8 35. Kf2 Kg7 36. Kg3 Kh6 37. Be2 Bd7 38. Kh4 Be8 39. Nf1 Bg6 40. Ng3 Kg7
41. Bxh5 Bh7 42. Be2 Kh6 43. Kg4 Kg7 44. h4 Nb7 45. Nf5+ Kf8 46. Ba6 1-0

[Event "BPB Limburg open B"]
[Site "Maastricht"]
[Date "2015.05.22"]
[Round "1"]
[White "Hoefken, Tom"]
[Black "Hoornstra, Hans"]
[Result "1/2-1/2"]
[WhiteElo "1878"]
[BlackElo "1955"]
[PlyCount "91"]
[EventDate "2015.05.22"]
[EventType "swiss"]
[EventRounds "7"]
[EventCountry "NED"]
[Source "P.Boonen"]
[SourceDate "2015.10.01"]

1. e4 c5 2. c3 d5 3. exd5 Qxd5 4. d4 Nf6 5. Nf3 e6 6. Na3 Nc6 7. Nb5 Qd8 8. Bf4
Nd5 9. Bg5 f6 10. Bd2 a6 11. Na3 cxd4 12. cxd4 Be7 13. Be2 O-O 14. O-O f5 15.
Nc4 Bf6 16. Bc3 b5 17. Nce5 Bb7 18. Nxc6 Bxc6 19. Ne5 Bxe5 20. dxe5 Nxc3 21.
bxc3 Qc7 22. f4 Rfd8 23. Qe1 Rac8 24. c4 Qb6+ 25. Qf2 Qb7 26. Rfd1 bxc4 27.
Bxc4 Bd5 28. Bxd5 Rxd5 29. Rxd5 Qxd5 30. h3 Rc4 31. Rb1 h6 32. Kh2 Kh7 33. Rb6
Rc6 34. Rb7 Qc4 35. Qg3 Rc7 36. Rxc7 Qxc7 37. Qd3 Qc1 38. Qd4 a5 39. Qa4 Qd2
40. Qc4 h5 41. Qxe6 Qxf4+ 42. Kh1 Qe4 43. Qe8 Qe2 44. e6 f4 45. e7 Qe1+ 46. Kh2
1/2-1/2

[Event "BPB Limburg open B"]
[Site "Maastricht"]
[Date "2015.05.22"]
[Round "1"]
[White "Ibrahim, Ashraf"]
[Black "Decruyenaere, Robbert"]
[Result "0-1"]
[WhiteElo "1824"]
[BlackElo "1697"]
[PlyCount "44"]
[EventDate "2015.05.22"]
[EventType "swiss"]
[EventRounds "7"]
[EventCountry "NED"]
[Source "P.Boonen"]
[SourceDate "2015.10.01"]

1. d4 Nf6 2. c4 g6 3. Nc3 Bg7 4. e4 d6 5. f3 O-O 6. Be3 e5 7. Qd2 exd4 8. Bxd4
Nc6 9. Be3 Re8 10. Bd3 Be6 11. Nd5 Ne5 12. Be2 Bxd5 13. cxd5 c5 14. dxc6 bxc6
15. Bg5 Qb6 16. Nh3 d5 17. Be3 Qb7 18. exd5 Nxd5 19. O-O Nxe3 20. Qxe3 Qxb2 21.
Ba6 Nc4 22. Qf4 Qb6+ 0-1

[Event "BPB Limburg open B"]
[Site "Maastricht"]
[Date "2015.05.22"]
[Round "1"]
[White "Iov, Dmitrii"]
[Black "Cornelius, Jorg"]
[Result "0-1"]
[WhiteElo "1916"]
[BlackElo "2022"]
[PlyCount "74"]
[EventDate "2015.05.22"]
[EventType "swiss"]
[EventRounds "7"]
[EventCountry "NED"]
[Source "P.Boonen"]
[SourceDate "2015.10.01"]

1. d4 Nf6 2. c4 c5 3. d5 b5 4. cxb5 a6 5. b6 a5 6. Nc3 Ba6 7. g3 d6 8. Bg2 Qxb6
9. Nf3 g6 10. O-O Bg7 11. Re1 Nbd7 12. e4 Ng4 13. Qa4 Qb4 14. Qc2 Rb8 15. a3
Qb3 16. Qxb3 Rxb3 17. h3 Nge5 18. Nd2 Rb7 19. Ra2 O-O 20. Na4 Nd3 21. Rd1 Rfb8
22. Bf1 Bb5 23. Nc3 Nxc1 24. Rxc1 Bxf1 25. Kxf1 Rxb2 26. Rxb2 Rxb2 27. Nc4 Rb3
28. Ne2 a4 29. Rc2 Ne5 30. Nxe5 Bxe5 31. f4 Bb2 32. e5 Bxa3 33. exd6 exd6 34.
Nc3 Bb4 35. Ne4 a3 36. Ra2 Rb2 37. Ra1 a2 0-1

[Event "BPB Limburg open B"]
[Site "Maastricht"]
[Date "2015.05.22"]
[Round "1"]
[White "Jansen, Ingeborg"]
[Black "Persoons, Bart"]
[Result "1-0"]
[WhiteElo "1840"]
[BlackElo "1759"]
[PlyCount "82"]
[EventDate "2015.05.22"]
[EventType "swiss"]
[EventRounds "7"]
[EventCountry "NED"]
[Source "P.Boonen"]
[SourceDate "2015.10.01"]

1. e4 c6 2. d4 d5 3. exd5 cxd5 4. Bd3 Nf6 5. c3 Nc6 6. Bf4 e6 7. Nf3 Bd6 8. Ne5
Qc7 9. Qe2 O-O 10. Nd2 Bd7 11. g4 Be8 12. g5 Nd7 13. Ndf3 Ndxe5 14. Nxe5 Nxe5
15. dxe5 Bc5 16. Qh5 g6 17. Qe2 d4 18. c4 Bc6 19. f3 Bb4+ 20. Kf1 a5 21. h4 Kg7
22. h5 Rh8 23. Rh3 Be7 24. Kf2 Qd8 25. Qd2 Bb4 26. Qd1 Be7 27. Qd2 Bb4 28. Qc2
Be7 29. Rg1 Bc5 30. Qb1 b5 31. cxb5 Bxb5 32. Bxb5 d3+ 33. Kg3 Bxg1 34. h6+ Kg8
35. Qxg1 Rb8 36. a4 Rc8 37. Rh2 Rc2 38. Rxc2 dxc2 39. Qc5 f5 40. exf6 Qd1 41.
Qc8+ Kf7 1-0

[Event "BPB Limburg open B"]
[Site "Maastricht"]
[Date "2015.05.22"]
[Round "1"]
[White "Jensen, Johnny"]
[Black "Peeters, Joep"]
[Result "0-1"]
[WhiteElo "1853"]
[BlackElo "1782"]
[PlyCount "121"]
[EventDate "2015.05.22"]
[EventType "swiss"]
[EventRounds "7"]
[EventCountry "NED"]
[Source "P.Boonen"]
[SourceDate "2015.10.01"]

1. e4 d6 2. d4 Nf6 3. Nc3 c6 4. Nf3 Bg4 5. Be2 Nbd7 6. O-O e5 7. dxe5 dxe5 8.
Bg5 Be7 9. Bxf6 Bxf6 10. Qd2 O-O 11. h3 Be6 12. Rad1 Qc7 13. Ng5 Bxg5 14. Qxg5
Qb6 15. b3 Rad8 16. Na4 Qc7 17. Qe3 b6 18. Qc3 Nf6 19. Bf3 c5 20. Nb2 Rd4 21.
Rxd4 exd4 22. Qd2 Rd8 23. Qg5 h6 24. Qh4 b5 25. Re1 c4 26. e5 Nh7 27. bxc4 bxc4
28. Be2 Rd7 29. Rd1 d3 30. cxd3 Qxe5 31. Bg4 Qxb2 32. Bxe6 fxe6 33. Qxc4 Nf8
34. Re1 Rf7 35. f3 Qf6 36. d4 Kh7 37. d5 exd5 38. Qxd5 Ng6 39. Re6 Qa1+ 40. Kh2
Qb1 41. Re8 Qf5 42. Qa8 a5 43. Re4 Re7 44. Rxe7 Nxe7 45. Qb8 Ng6 46. Qb3 Qf4+
47. Kh1 Qb4 48. Qc2 a4 49. g3 a3 50. h4 h5 51. Qf5 Qe1+ 52. Kh2 Qd2+ 53. Kh3
Kh6 54. f4 Qd8 55. Qc5 Qe7 56. Qd5 Nf8 57. f5 Nd7 58. Qg8 Nf6 59. Qb8 Kh7 60.
Qf4 Qe4 61. Qd6 0-1